Normal view MARC view
  • Dodge Data & Analytics

Entry Corporate Name

Number of records used in: 1

001 - CONTROL NUMBER

  • control field: 6167

003 - CONTROL NUMBER IDENTIFIER

  • control field: OSt

005 - DATE AND TIME OF LATEST TRANSACTION

  • control field: 20190806150250.0

008 - FIXED-LENGTH DATA ELEMENTS

  • fixed length control field: 151209n| acannaabn |n ana d

040 ## - CATALOGING SOURCE

  • Original cataloging agency: OSt
  • Transcribing agency: OSt

110 2# - HEADING--CORPORATE NAME

  • Corporate name or jurisdiction name as entry element: Dodge Data & Analytics

670 ## - SOURCE DATA FOUND

  • Source citation: Measuring the impact of BIM on complex buildings, 2015